000 00542nam a2200205 4500
003 OSt
005 20260530113853.0
008 260508t 1981mx a|||| |||| 00| 0 spa d
040 _aICI
_bspa
_cICI
041 _aspa
050 4 _aNA682.M63
_bA68
245 1 0 _aArquitecto
264 1 _aMéxico :
_bEditorial Arquitecto,
_c1981
300 _avolúmenes
336 _atexto
_2rdacontent
337 _asin medio
_2rdamedia
338 _avolumen
_2rdacarrier
650 _aArquitectectura
_vPublicaciones periódicas
_931420
942 _2lcc
_cBK
_n1
999 _c11519
_d11519